header

WHO Expert Committee on Biological Standardization : (Record no. 74938)

MARC details
000 -LEADER
fixed length control field 02009nam a2200409 i 4500
001 - CONTROL NUMBER
control field ebr10931293
003 - CONTROL NUMBER IDENTIFIER
control field CaPaEBR
006 - FIXED-LENGTH DATA ELEMENTS--ADDITIONAL MATERIAL CHARACTERISTICS--GENERAL INFORMATION
fixed length control field m o d
007 - PHYSICAL DESCRIPTION FIXED FIELD--GENERAL INFORMATION
fixed length control field cr cn|||||||||
008 - FIXED-LENGTH DATA ELEMENTS--GENERAL INFORMATION
fixed length control field 140920t20132013sz ob 100 0 eng|d
020 ## - INTERNATIONAL STANDARD BOOK NUMBER
Cancelled/invalid ISBN 9789241209779
International Standard Book Number 9789240690684 (e-book)
040 ## - CATALOGING SOURCE
Original cataloging agency CaPaEBR
Language of cataloging eng
Description conventions rda
-- pn
Transcribing agency CaPaEBR
035 ## - SYSTEM CONTROL NUMBER
System control number (OCoLC)893683027
050 14 - LIBRARY OF CONGRESS CALL NUMBER
Classification number RS189
Item number .W675 2013eb
110 2# - MAIN ENTRY--CORPORATE NAME
Corporate name or jurisdiction name as entry element World Health Organization,
Relator term issuing body.
245 10 - TITLE STATEMENT
Title WHO Expert Committee on Biological Standardization :
Remainder of title sixtieth report /
Statement of responsibility, etc World Health Organization.
264 #1 - PRODUCTION, PUBLICATION, DISTRIBUTION, MANUFACTURE, AND COPYRIGHT NOTICE
Place of production, publication, distribution, manufacture Geneva, Switzerland :
Name of producer, publisher, distributor, manufacturer World Health Organization,
Date of production, publication, distribution, manufacture, or copyright notice [2013]
Date of production, publication, distribution, manufacture, or copyright notice �2013
300 ## - PHYSICAL DESCRIPTION
Extent 1 online resource (241 pages).
336 ## - CONTENT TYPE
Content type term text
Source rdacontent
337 ## - MEDIA TYPE
Media type term computer
Source rdamedia
338 ## - CARRIER TYPE
Carrier type term online resource
Source rdacarrier
490 1# - SERIES STATEMENT
Series statement WHO technical report series,
International Standard Serial Number 0512-3054 ;
Volume number/sequential designation 977
500 ## - GENERAL NOTE
General note "This report contains the collective views of an international group of experts and does not necessarily represent the decision or the stated policy of the World Health Organization"--T.p.
504 ## - BIBLIOGRAPHY, ETC. NOTE
Bibliography, etc Includes bibliographical references.
588 ## - SOURCE OF DESCRIPTION NOTE
Source of description note Description based on online resource; title from PDF title page (ebrary, viewed September 20, 2014).
590 ## - LOCAL NOTE (RLIN)
Local note Electronic reproduction. Palo Alto, Calif. : ebrary, 2014. Available via World Wide Web. Access may be limited to ebrary affiliated libraries.
650 #0 - SUBJECT ADDED ENTRY--TOPICAL TERM
Topical term or geographic name as entry element Biological products
General subdivision Standards
Form subdivision Congresses.
Topical term or geographic name as entry element Drugs
General subdivision Standards
Form subdivision Congresses.
655 #0 - INDEX TERM--GENRE/FORM
Genre/form data or focus term Electronic books.
710 2# - ADDED ENTRY--CORPORATE NAME
Corporate name or jurisdiction name as entry element WHO Expert Committee on Biological Standardization.
Subordinate unit Meeting
Number of part/section/meeting (60th),
Relator term issuing body.
Corporate name or jurisdiction name as entry element World Health Organization.
Subordinate unit Expert Committee on Biological Standardization,
Relator term issuing body.
797 2# - LOCAL ADDED ENTRY--CORPORATE NAME (RLIN)
Corporate name or jurisdiction name as entry element ebrary.
830 #0 - SERIES ADDED ENTRY--UNIFORM TITLE
Uniform title Technical report series (World Health Organization) ;
Volume number/sequential designation 977.
856 40 - ELECTRONIC LOCATION AND ACCESS
Uniform Resource Identifier <a href="http://site.ebrary.com/lib/rucke/Doc?id=10931293">http://site.ebrary.com/lib/rucke/Doc?id=10931293</a>
Public note An electronic book accessible through the World Wide Web; click to view

No items available.

© 2026 Rongo University
Contact us: librarian | system librarian | Rongo university